000 00536nam a2200217Ia 4500
005 20241216010441.0
008 180423s9999||||xx |||||||||||||| ||und||
082 _a530
_bR44
100 _aRENICK, ROBERT Y OTRO
245 0 _aFISICA
250 _a0
260 _aMEXICO
_bCONTINENTAL S.A.
_c1981
300 _a627 pag
_c28 cm
341 _h0
490 _v1
_a0
505 _aMEDICIONES-VECTORES/OSCILACIONES-GRAVITACION (FISICA)
541 _aC
_d03-May-94
650 _aCIENCIAS PURAS
856 _zCC. Puras
942 _cLIBRO
999 _c14767
_d14767